Les 50 meilleurs buteurs de Manchester United - Statistiques

Statistiques générales
  • Ce quiz a été pris 133 fois
  • Le résultat moyen est 17 sur 50
Statistiques - réponses
Période à MU match But Joueur Nationalité % Correct
2004-2017 559 253 Wayne Rooney Angleterre
98%
2003-20092021-2022 346 145 Cristiano Ronaldo Portugal
95%
1991-2014 963 168 Ryan Giggs Pays de Galles
87%
2016- 383 126 Marcus Rashford Angleterre
86%
2015- 317 90 Anthony Martial France
83%
2020- 211 69 Bruno Fernandes Portugal
80%
2012-2015 105 58 Robin Van Persie Pays-Bas
77%
1992-1997 185 82 Eric Cantona France
74%
1956-1973 683 231 Bobby Charlton Angleterre
72%
2001-2006 219 150 Ruud Van Nistelrooy Pays-Bas
70%
2011-20122016-2022 233 39 Paul Pogba France
69%
2017-2019 96 42 Romelu Lukaku Belgique
69%
2008-2012 149 56 Dimitar Berbatov Bulgarie
68%
1963-1974 414 155 George Best Irlande du Nord
68%
1994-2013 716 155 Paul Scholes Angleterre
68%
2007-2015 230 41 Nani Portugal
63%
2010-2015 157 59 Javier Hernandez Mexique
60%
1992-2003 394 85 David Beckham Angleterre
59%
1993-2005 478 51 Roy Keane Irlande
57%
1995-2007 366 126 Ole Gunnar Solskjaer Norvège
50%
2014-2022 285 51 Juan Mata Espagne
47%
1995-2001 275 121 Andy Cole Angleterre
33%
2004-2008 124 42 Louis Saha France
33%
2012-2022 232 35 Jesse Lingard Angleterre
32%
1962-1973 363 210 Denis Law Ecosse
26%
1998-2002 152 66 Dwight Yorke Trinité-et-Tobago
25%
2019- 129 35 Mason Greenwood Angleterre
22%
1997-2001 153 46 Teddy Sheringham Angleterre
19%
1980-19861988-1995 433 153 Mark Hughes Pays de Galles
7%
1987-1996 391 48 Steve Bruce Angleterre
4%
1981-1994 410 92 Bryan Robson Angleterre
2%
1991-1995 161 36 Andrey Kanchelskis Russie
1%
1963-1974 225 60 Brian Kidd Angleterre
1%
1953-1962 197 132 Denis Viollet Angleterre
1%
1981-1987 254 69 Frank Stapleton Irlande
1%
1937-1955 172 87 Jack Rowley Angleterre
1%
1978-1981 113 38 Joe Jordan Ecosse
1%
1975-1983 291 54 Steve Coppell Angleterre
1%
1953-1958 107 75 Tommy Taylor Angleterre
1%
1958-1964 173 52 Albert Quixall Angleterre
0%
1957-1961 84 49 Alex Dawson Ecosse
0%
1987-1998 442 115 Brian Mcclair Ecosse
0%
1961-1968 239 135 David Herd Ecosse
0%
1984-1989 179 35 Gordon Strachan Ecosse
0%
1964-1966 103 35 John Connelly Angleterre
0%
1955-1958 76 44 Liam Whelan Irlande
0%
1973-1984 261 50 Lou Macari Ecosse
0%
1981-1989 238 57 Norman Whiteside Irlande du Nord
0%
1971-1982 264 43 Sammy Mcllroy Irlande du Nord
0%
1936-1954 174 78 Stan Pearson Angleterre
0%
Aucun quiz correspondant
Distribution des résultats
% des personnes avec chaque résultat
Percentile par nombre de réponses
Votre historique - résultats
Vous n’avez pas pris ce quiz